00649nam a2200193Ia 4500952013700000999001700137003000400154005001700158008004100175020001800216040000900234082002200243100002600265245005500291260003800346300000900384650001200393942005000405 00102ddc40708HISTORYaMESbMEScHISd2019-02-20g435.00l0o955.030924 NAY/Tp35501r2019-02-20 00:00:00w2019-02-20yBKzGL34R4 c21407d21407OSt20200708144920.0190216s9999||||xx |||||||||||||| ||und|| a9788125032700 coclc a955.030924bNAY/T aNayar, Pramod K93680 0aThe Trial Of Bahadur Shah Zafar /cPramod K Nayar bOrient Longman,c2007.aHyderbad: a315p aHistory cBK2ddch955.030924iNAY/Tk955.030924mNAY/T